000 00344pab a2200157 454500
008 180718b2008 xxu||||| |||| 00| 0 eng d
100 _aSaxena, K.B.
245 _aGlobalization unravelled
260 _c2008
300 _ap.319-26.
362 _aJun
650 _aGlobalization
773 _aSocial Change
908 _aN
909 _a79088
999 _c79088
_d79088